A dynamic systems approach to development : applications

Αποθηκεύτηκε σε:
Λεπτομέρειες βιβλιογραφικής εγγραφής
Άλλοι συγγραφείς: Smith, Linda B. (Επιμελητής έκδοσης), Thelen, Esther (Επιμελητής έκδοσης)
Μορφή: Βιβλίο
Γλώσσα:English
Δημοσίευση: Cambridge : The MIT Press, 1993
Σειρά:MIT Press/Bradford Books series in cognitive psychology
Θέματα:
Ετικέτες: Προσθήκη ετικέτας
Δεν υπάρχουν, Καταχωρήστε ετικέτα πρώτοι!

MARC

LEADER 00000nam a2200000 i 4500
001 1/99733
008 000128s1993 eng d
020 |a 0-262-19333-7 
035 |l 10056999 
040 |a GR-MY-UA  |b gre  |e aacr 
041 0 |a eng 
082 0 |a 155.011 
245 1 2 |a A dynamic systems approach to development :  |b applications /  |c edited by Linda B. Smith, Esther Thelen 
260 |a Cambridge :   |b The MIT Press,   |c 1993 
300 |a 414 p. 
490 1 |a MIT Press/Bradford Books series in cognitive psychology 
650 0 0 |a Developmental psychology. 
650 0 0 |a System theory. 
650 0 0 |a Child development. 
650 0 0 |a Child psychology. 
650 0 0 |a Cognition. 
650 0 0 |a Motor ability. 
700 1 |a Smith, Linda B.  |4 edt 
700 1 |a Thelen, Esther.  |4 edt 
830 0 |a MIT Press/Bradford Books series in cognitive psychology 
852 |a INST  |b RHODES  |e 20000128  |h 155.011 DYN  |p 005400012172  |q 005400012172  |t BK  |y 0 
901 |a BIBL4-2000-1 
909 |a Ρ  |b 068598 
922 |a 4ΕΛΗ  |b 199909  |c ΚΠΣ/154  |d GLORY BOOKS 
970 |a ΚΟΥΛΑΚΙΟΤΗ  |b ΛΙΤΣΑ  |z 2000/01/28